[Event "4NCL 2019-20"]
[Site "Daventry"]
[Date "2020.02.09"]
[Round "6"]
[White "Arkell, Keith C"]
[Black "Bremner, Adam"]
[Result "1/2-1/2"]
[WhiteElo "2460"]
[BlackElo "2148"]
[Annotator "ChessBase"]
[PlyCount "101"]
[EventDate "2020.01.11"]
[EventCountry "ENG"]
[SourceTitle "playchess.com"]
[Source "ChessBase"]
[SourceQuality "1"]
[TimeControl "40/6000:3000+30"]

1. c4 {[%emt 0:37:55]} Nf6 {[%emt 0:00:09]} 2. Nc3 {[%emt 0:00:32]} d5 {[%emt 0:00:19]} 3. cxd5 {[%emt 0:00:06]} Nxd5 {[%emt 0:00:04]} 4. g3 {[%emt 0:01:08]} g6 {[%emt 0:00:15]} 5. Bg2 {[%emt 0:00:04]} Nb6 {[%emt 0:00:11]} 6. d3 {[%emt 0:00:28]} Bg7 {[%emt 0:00:15]} 7. Be3 {[%emt 0:00:05]} e5 {[%emt 0:02:39]} 8. Qd2 {[%emt 0:00:11]} h5 {[%emt 0:06:48]} 9. h3 {[%emt 0:04:01]} Nc6 {[%emt 0:00:58]} 10. Bxc6+ {[%emt 0:00:09]} bxc6 {[%emt 0:00:08]} 11. Nf3 {[%emt 0:06:22]} Nd5 {[%emt 0:05:09]} 12. d4 {[%emt 0:02:06]} exd4 {[%emt 0:03:21]} 13. Bxd4 {[%emt 0:00:12]} O-O {[%emt 0:00:55]} 14. Bxg7 {[%emt 0:00:06]} Kxg7 {[%emt 0:00:15]} 15. Qd4+ {[%emt 0:04:27]} f6 {[%emt 0:10:07]} 16. O-O-O {[%emt 0:07:58]} Qe7 {[%emt 0:06:13]} 17. g4 {[%emt 0:04:33]} Nxc3 {[%emt 0:03:21]} 18. Qxc3 {[%emt 0:00:09]} hxg4 {[%emt 0:03:35]} 19. hxg4 {[%emt 0:00:06]} Bxg4 {[%emt 0:01:25]} 20. Ng5 {[%emt 0:17:34]} Rh8 {[%emt 0:08:23]} 21. f3 {[%emt 0:04:51]} Bf5 {[%emt 0:02:54]} 22. e4 {[%emt 0:01:01]} Be6 {[%emt 0:00:04]} 23. Kb1 {[%emt 0:07:21]} Rxh1 {[%emt 0:02:01]} 24. Rxh1 {[%emt 0:00:10]} Rh8 {[%emt 0:00:07]} 25. Nxe6+ {[%emt 0:01:34]} Qxe6 {[%emt 0:00:12]} 26. Rc1 {[%emt 0:00:07]} Rh3 {[%emt 0:07:43]} 27. Qe3 {[%emt 0:07:28]} a5 {[%emt 0:03:00]} 28. a4 {[%emt 0:01:22]} g5 {[%emt 0:01:04]} 29. Rg1 {[%emt 0:03:37]} Qe5 {[%emt 0:01:10]} 30. Rg2 {[%emt 0:04:29]} Rh1+ {[%emt 0:02:54]} 31. Kc2 {[%emt 0:02:05]} Rh2 {[%emt 0:00:48]} 32. Rxh2 {[%emt 0:00:10]} Qxh2+ {[%emt 0:00:05]} 33. Kb3 {[%emt 0:00:56]} Qd6 {[%emt 0:00:19]} 34. Kc2 {[%emt 0:02:24]} Qh2+ {[%emt 0:02:26]} 35. Kc3 {[%emt 0:01:07]} Qd6 {[%emt 0:00:56]} 36. Qd4 {[%emt 0:00:22]} Qf4 {[%emt 0:01:26]} 37. Qd3 {[%emt 0:02:26]} Qe5+ {[%emt 0:00:08]} 38. Kc2 {[%emt 0:00:56]} Qc5+ {[%emt 0:01:11]} 39. Qc3 {[%emt 0:00:52]} Qf2+ {[%emt 0:00:10]} 40. Kb1 {[%emt 0:00:32]} Qg1+ {[%emt 0:08:29]} 41. Ka2 {[%emt 0:00:19]} Qb6 {[%emt 0:00:22]} 42. Qd3 {[%emt 0:08:22]} Qc5 {[%emt 0:02:22]} 43. Qd7+ {[%emt 0:00:39]} Kh6 {[%emt 0:01:55]} 44. Qe6 {[%emt 0:00:39]} Kg7 {[%emt 0:00:31]} 45. Qd7+ {[%emt 0:05:18]} Kh6 {[%emt 0:00:06]} 46. Qd3 {[%emt 0:05:15]} Kg7 {[%emt 0:00:13]} 47. Qb3 {[%emt 0:00:37]} Qd4 {[%emt 0:00:59]} 48. Qc2 {[%emt 0:00:35]} c5 {[%emt 0:00:38]} 49. b3 {[%emt 0:04:08]} Qe3 {[%emt 0:01:54]} 50. Qd1 {[%emt 0:00:36]} Qc3 {[%emt 0:00:35]} 51. Qd7+ {[%emt 0:02:59]} 1/2-1/2

[Event "4NCL 2019-20"]
[Site "Daventry"]
[Date "2020.02.09"]
[Round "6"]
[White "Bulmaga, Irina"]
[Black "O'Donnell, Conor"]
[Result "1/2-1/2"]
[WhiteElo "2453"]
[BlackElo "2307"]
[Annotator "ChessBase"]
[PlyCount "63"]
[EventDate "2020.01.11"]
[EventCountry "ENG"]
[SourceTitle "playchess.com"]
[Source "ChessBase"]
[SourceQuality "1"]
[TimeControl "40/6000:3000+30"]

1. e4 {[%emt 0:00:00]} c6 {[%emt 0:05:07]} 2. d4 {[%emt 0:00:00]} d5 {[%emt 0:00:00]} 3. e5 {[%emt 0:00:00]} c5 {[%emt 0:00:00]} 4. dxc5 {[%emt 0:00:00]} e6 {[%emt 0:00:00]} 5. a3 {[%emt 0:00:00]} Bxc5 {[%emt 0:00:00]} 6. b4 {[%emt 0:00:00]} Be7 {[%emt 0:00:00]} 7. Nf3 {[%emt 0:00:00]} Nd7 {[%emt 0:03:25]} 8. Bb2 {[%emt 0:00:00]} a5 {[%emt 0:02:22]} 9. b5 {[%emt 0:00:04]} Nh6 {[%emt 0:02:08]} 10. Bd3 {[%emt 0:09:13]} f6 {[%emt 0:00:00]} 11. O-O {[%emt 0:02:36]} Nf7 {[%emt 0:02:13]} 12. c4 {[%emt 0:12:08]} fxe5 {[%emt 0:07:41]} 13. Bc2 {[%emt 0:01:22]} e4 {[%emt 0:05:41]} 14. cxd5 {[%emt 0:04:03]} exd5 {[%emt 0:00:40]} 15. Nd4 {[%emt 0:02:12]} Nf6 {[%emt 0:03:11]} 16. f3 {[%emt 0:03:19]} exf3 {[%emt 0:06:03]} 17. Qxf3 {[%emt 0:01:20]} Nd6 {[%emt 0:08:03]} 18. Nd2 {[%emt 0:06:42]} O-O {[%emt 0:08:23]} 19. Qg3 {[%emt 0:07:31]} Nde4 {[%emt 0:18:52]} 20. Nxe4 {[%emt 0:01:29]} dxe4 {[%emt 0:02:13]} 21. Kh1 {[%emt 0:16:36]} Bd6 {[%emt 0:03:18]} 22. Qh4 {[%emt 0:08:03]} Qe7 {[%emt 0:02:30]} 23. Rae1 {[%emt 0:02:08]} Bd7 {[%emt 0:00:27]} 24. Nf3 {[%emt 0:11:13]} Bxb5 {[%emt 0:04:46]} 25. Ng5 {[%emt 0:00:00]} Bxf1 {[%emt 0:07:35]} 26. Rxe4 {[%emt 0:00:00]} Qc7 {[%emt 0:01:24]} 27. Rc4 {[%emt 0:06:05]} Qxc4 {[%emt 0:01:34]} 28. Bxh7+ {[%emt 0:00:00]} Kh8 {[%emt 0:00:00]} 29. Be4+ {[%emt 0:00:00]} Kg8 {[%emt 0:00:00]} 30. Bh7+ {[%emt 0:02:34]} Kh8 {[%emt 0:00:00]} 31. Be4+ {[%emt 0:00:01]} Kg8 {[%emt 0:00:00]} 32. Bh7+ {[%emt 0:00:24]} 1/2-1/2

[Event "4NCL 2019-20"]
[Site "Daventry"]
[Date "2020.02.09"]
[Round "6"]
[White "Suarez Real, Alberto"]
[Black "McPhillips, Joseph"]
[Result "1-0"]
[WhiteElo "2449"]
[BlackElo "2434"]
[Annotator "ChessBase"]
[PlyCount "59"]
[EventDate "2020.01.11"]
[EventCountry "ENG"]
[SourceTitle "playchess.com"]
[Source "ChessBase"]
[SourceQuality "1"]
[TimeControl "40/6000:3000+30"]

1. e4 {[%emt 0:00:00]} e6 {[%emt 0:01:15]} 2. d4 {[%emt 0:00:00]} d5 {[%emt 0:00:00]} 3. Nd2 {[%emt 0:00:00]} Nf6 {[%emt 0:00:00]} 4. Bd3 {[%emt 0:00:00]} c5 {[%emt 0:00:00]} 5. e5 {[%emt 0:00:00]} Nfd7 {[%emt 0:00:00]} 6. c3 {[%emt 0:00:00]} Nc6 {[%emt 0:00:00]} 7. Ngf3 {[%emt 0:00:00]} h5 {[%emt 0:00:00]} 8. Be2 {[%emt 0:02:21]} Be7 {[%emt 0:02:59]} 9. h4 {[%emt 0:17:56]} Qc7 {[%emt 0:19:10]} 10. O-O {[%emt 0:07:33]} Nf8 {[%emt 0:11:51]} 11. Re1 {[%emt 0:27:31]} Bd7 {[%emt 0:01:11]} 12. c4 {[%emt 0:10:06]} cxd4 {[%emt 0:05:24]} 13. cxd5 {[%emt 0:00:57]} exd5 {[%emt 0:01:09]} 14. Nb3 {[%emt 0:00:17]} Ne6 {[%emt 0:02:44]} 15. Nbxd4 {[%emt 0:04:42]} Ncxd4 {[%emt 0:08:35]} 16. Nxd4 {[%emt 0:00:00]} Qxe5 {[%emt 0:00:00]} 17. Nxe6 {[%emt 0:02:59]} fxe6 {[%emt 0:00:00]} 18. Bg5 {[%emt 0:11:31]} g6 {[%emt 0:11:35]} 19. Bf3 {[%emt 0:03:03]} Qg7 {[%emt 0:04:29]} 20. Bxd5 {[%emt 0:03:59]} Bxg5 {[%emt 0:12:57]} 21. hxg5 {[%emt 0:00:00]} O-O-O {[%emt 0:00:00]} 22. Be4 {[%emt 0:01:28]} Kb8 {[%emt 0:00:00]} 23. Qd6+ {[%emt 0:00:53]} Ka8 {[%emt 0:00:00]} 24. Qc7 {[%emt 0:01:02]} Rb8 {[%emt 0:00:00]} 25. Rad1 {[%emt 0:00:20]} Rh7 {[%emt 0:00:00]} 26. Rd6 {[%emt 0:01:13]} Qe7 {[%emt 0:05:03]} 27. Red1 {[%emt 0:00:16]} Be8 {[%emt 0:00:24]} 28. Qa5 {[%emt 0:00:21]} Rc8 {[%emt 0:02:45]} 29. Ra6 {[%emt 0:00:46]} Qc5 {[%emt 0:00:00]} 30. Qxc5 {[%emt 0:00:00]} 1-0

[Event "4NCL 2019-20"]
[Site "Daventry"]
[Date "2020.02.09"]
[Round "6"]
[White "Astaneh Lopez, Alex"]
[Black "Rendle, Thomas E"]
[Result "0-1"]
[WhiteElo "2441"]
[BlackElo "2361"]
[Annotator "TA"]
[PlyCount "126"]
[EventDate "2020.01.11"]
[EventCountry "ENG"]
[SourceTitle "playchess.com"]
[Source "ChessBase"]
[SourceQuality "1"]

{[%evp 9,126,29,25,15,65,59,70,64,68,41,35,55,31,49,45,47,51,52,39,51,67,10,40,0,0,2,16,8,39,0,16,10,42,39,42,23,60,12,26,13,62,57,67,63,68,77,75,69,87,47,52,22,24,0,41,38,53,21,53,0,0,6,8,0,0,-30,-28,-79,-85,-77,-29,-133,-131,-268,-285,-310,-291,-270,29991,-212,-200,-901,679,-422,-408,-373,-496,-479,-327,-456,-456,-819,-807,-843,-747,-779,-720,-826,-826,-806,-771,-29973,-29976,-29976,-29977,-29983,-29978,-29978,-29977,-29977,-29978,-29978,-29979,-29983,-29984,-29984,-29985,-29982,-29982]} 1. Nf3 f5 2. d3 Nc6 3. d4 e6 4. g3 Nf6 5. Bg2 g6 6. c4 {[#] A04: Unusual lines after 1 Nf3 and King's Indian Attack.} d5 $146 ({Predecessor:} 6... Bg7 7. d5 exd5 8. cxd5 Ne7 9. Nc3 c6 10. d6 Ned5 11. Nxd5 Nxd5 12. O-O Qf6 {½-½ (21) Mamedyarov,S (2767)-Safarli,E (2593) Khanty-Mansiysk 2019}) 7. Nc3 Bg7 8. cxd5 {White is slightly better.} Nxd5 9. e4 fxe4 10. Nxe4 O-O 11. O-O Nde7 {[%cal Rc6d4]} 12. Bg5 h6 13. Bxe7 Qxe7 14. Rc1 Rd8 {[%cal Rc6d4]} 15. Qc2 (15. Rc4 $14) 15... g5 {White should prevent ...g4.} 16. h3 Nxd4 17. Nxd4 (17. Qxc7 Ne2+ 18. Kh2 Rd7 $17) 17... Bxd4 18. Kh1 Qg7 19. b3 Bd7 20. Nc5 Bxc5 (20... Rab8 {feels hotter.} 21. Nxb7 Rf8 22. Nc5 Bc8 23. Qc4 Kh8) 21. Qxc5 c6 22. Rcd1 {[%mdl 1024] White has compensation.} Rf8 23. Rd2 Rf5 24. Qe3 Rf6 25. Rfd1 Rf7 26. Bf3 {Strongly threatening Bh5.} Kh8 27. Bh5 Re7 28. Rd6 b6 29. Bf3 Rc8 30. Kg1 c5 31. Qd2 {[%cal Rd6d7]} Bb5 32. a4 Be8 33. Bg4 Bf7 34. Rd8+ Rxd8 35. Qxd8+ {[%mdl 64] [#] Double Attack} Re8 36. Qc7 Bg6 37. Qc6 Qf6 38. Be2 (38. Rd3 $11) 38... Rf8 $17 39. Rf1 Bf5 (39... e5 $5 {[%cal Rf6c6]} 40. Qxf6+ Rxf6 $17) 40. Kh2 (40. g4 $1 $11 {remains equal.} Bg6 41. Bc4) 40... Qd4 $36 {[%mdl 2048] aiming for ...Be4. Black has strong initiative.} 41. Qf3 (41. Qc7 $17 {was necessary.}) 41... Kg7 $19 42. Rd1 {[#]} Bc2 $1 {[%csl LRd1,LRf2,LRf3][%cal Rc2d1]} 43. Rxd4 {White wants to mate with Rd7+.} Rf6 $4 {[%mdl 8192]} (43... Rxf3 $19 44. Rd7+ Rf7 45. Rxf7+ Kxf7) 44. Qf4 $4 {[%mdl 8192]} (44. Rd7+ {mates} Kg6 45. Qh5+ Kf5 46. f4 a6 47. Qg4+ Kg6 48. h4 Rf7 49. Qxe6+ {[%mdl 64] Double Attack} Kh7 50. Rxf7+ Kh8 51. Qe8#) 44... Rxf4 {[%mdl 4096] Endgame KRB-KRB} ({But not} 44... gxf4 45. Rd7+ Rf7 46. Rxf7+ Kxf7 47. Bc4) 45. Rd6 $2 (45. Rd2 Rxf2+ 46. Kg1 Rxe2 47. Rxe2 Bxb3 48. Re3) 45... Rf3 $4 {[%mdl 8192]} (45... Rxf2+ $19 46. Kg1 Rxe2 47. Rd7+ Kf6 48. Rxa7 Bxb3) 46. Rd7+ $4 {[%mdl 8192]} (46. Bxf3 $18 {was the only winning move.} Bxb3 47. Rd7+ Kf6 48. Rxa7) 46... Rf7 47. Rxf7+ Kxf7 {KB-KB} 48. Bc4 Kf6 49. Kg2 Be4+ 50. f3 (50. Kf1 $142 Ke5 51. Ke2) 50... Bd5 51. Kf2 Ke5 52. Ke3 h5 53. f4+ gxf4+ 54. gxf4+ Kf6 55. Kf2 Bxc4 {Black mates.} 56. bxc4 {KP-KP} Kf5 57. Kg3 a6 58. Kf3 h4 59. Ke3 e5 60. fxe5 Kxe5 61. Kf3 Kd4 62. Kg4 Kxc4 63. Kxh4 Kb3 {Accuracy: White = 42%, Black = 71%.} 0-1

[Event "4NCL 2019-20"]
[Site "Daventry"]
[Date "2020.02.09"]
[Round "6"]
[White "Roberson, Peter T"]
[Black "Fodor, Tamas Jr."]
[Result "1/2-1/2"]
[WhiteElo "2435"]
[BlackElo "2518"]
[Annotator "TA"]
[PlyCount "97"]
[EventDate "2020.01.11"]
[EventCountry "ENG"]
[SourceTitle "playchess.com"]
[Source "ChessBase"]
[SourceQuality "1"]

{[%evp 15,97,21,17,2,33,34,29,33,36,35,71,55,81,70,81,42,127,134,112,70,183,157,234,212,221,210,231,218,339,334,306,273,246,254,234,159,159,161,151,168,161,146,138,70,70,70,62,0,0,0,-8,-9,-8,-10,-8,-8,0,0,0,0,0,0,0,0,0,0,0,0,0,0,0,0,0,0,0,0,0,0,0,0,0,0,0,0]} 1. e4 e6 2. d4 d5 3. Nd2 Be7 4. Ngf3 Nf6 5. e5 Nfd7 6. Bd3 c5 7. c3 Nc6 8. O-O g5 9. Nb1 {C06: French Tarrasch: 3...Nf6 4 e5 Nfd7 5 Bd3 main lines.} h5 10. Be3 g4 11. Ne1 {White has an edge.} Qb6 12. b3 {[#]} Nf8 $146 ({Predecessor:} 12... Rg8 13. Nc2 Qc7 14. Nd2 b6 15. Rc1 Bb7 16. Bf4 f6 17. exf6 Qxf4 18. fxe7 Kxe7 {1-0 (26) Solak,D (2593)-Bajarani,U (2485) Konya 2019}) 13. Nc2 Bd7 14. f3 Rg8 15. Nd2 Qa5 (15... cxd4 $14 16. cxd4 g3) 16. b4 $16 cxb4 17. c4 Qd8 (17... O-O-O $14) 18. Qe2 {[%mdl 1024] And now fxg4 would win. White has strong compensation.} Bg5 (18... g3 $16) 19. f4 Bh6 20. Rab1 a5 21. a3 Qe7 (21... h4 $142 22. axb4 axb4 23. Nxb4 Nxb4) 22. cxd5 exd5 23. f5 Bxe3+ 24. Qxe3 Qg5 25. Qxg5 ({Much less strong is} 25. axb4 $6 Qxe3+ 26. Nxe3 Nxb4 $16) 25... Rxg5 26. Ne3 O-O-O 27. Nxd5 Kb8 28. axb4 Nxd4 {[%cal Rd7f5] [#]} 29. bxa5 ({White should play} 29. Ne3 $1 $16) 29... Bxf5 $14 30. a6 b5 $1 ({Don't go for} 30... Rxd5 $2 31. Rxb7+ Ka8 32. Rc1 $18) 31. Nb4 (31. Bxf5 $14 Rxd5 32. Bd3 Rgxe5 33. Rxf7) 31... Bxd3 $1 $11 {[%mdl 64] Discovered Attack. The position is equal.} 32. Nxd3 Ne2+ {[%mdl 64] Discovered Attack} 33. Kf2 Nc3 34. Ke3 {Hoping for Ne4.} Nxb1 35. Rxb1 Ka7 36. Rxb5 {Rb7+ is the strong threat.} Kxa6 37. Rb1 {[#]} Rxd3+ $1 {[%mdl 512]} 38. Kxd3 Rxe5 {[%mdl 4096] Endgame KRN-KRN} 39. Nc4 Re6 40. Rf1 f6 41. g3 Ng6 42. Kd4 Ne7 43. Rb1 Ka7 44. Rb5 f5 45. Kd3 h4 46. gxh4 Rh6 47. Re5 Nc6 48. Rxf5 {Black must now prevent h5.} Rxh4 49. Ne3 {Accuracy: White = 82%, Black = 70%.} 1/2-1/2

[Event "4NCL 2019-20"]
[Site "Daventry"]
[Date "2020.02.09"]
[Round "6"]
[White "Sarakauskas, Gediminas"]
[Black "Navarro Cia, Miguel"]
[Result "1-0"]
[WhiteElo "2433"]
[BlackElo "2256"]
[Annotator "ChessBase"]
[PlyCount "77"]
[EventDate "2020.01.11"]
[EventCountry "ENG"]
[SourceTitle "playchess.com"]
[Source "ChessBase"]
[SourceQuality "1"]
[TimeControl "40/6000:3000+30"]

1. e4 {[%emt 0:00:00]} Nf6 {[%emt 0:00:00]} 2. e5 {[%emt 0:00:00]} Nd5 {[%emt 0:00:00]} 3. d4 {[%emt 0:00:00]} d6 {[%emt 0:00:00]} 4. c4 {[%emt 0:00:00]} Nb6 {[%emt 0:00:00]} 5. exd6 {[%emt 0:00:00]} cxd6 {[%emt 0:00:00]} 6. Nc3 {[%emt 0:00:00]} g6 {[%emt 0:00:00]} 7. Be3 {[%emt 0:00:00]} Bg7 {[%emt 0:00:00]} 8. Rc1 {[%emt 0:00:00]} O-O {[%emt 0:00:00]} 9. b3 {[%emt 0:00:00]} Bf5 {[%emt 0:00:00]} 10. Be2 {[%emt 0:00:00]} d5 {[%emt 0:00:00]} 11. c5 {[%emt 0:00:00]} Nc8 {[%emt 0:00:00]} 12. Bf3 {[%emt 0:00:00]} e5 {[%emt 0:29:54]} 13. Bxd5 {[%emt 0:06:01]} exd4 {[%emt 0:00:00]} 14. Bxb7 {[%emt 0:06:31]} dxe3 {[%emt 0:00:00]} 15. Qxd8 {[%emt 0:00:10]} Rxd8 {[%emt 0:00:00]} 16. Bxa8 {[%emt 0:07:13]} Na6 {[%emt 0:00:00]} 17. Nge2 {[%emt 0:01:34]} Ne7 {[%emt 0:17:09]} 18. Be4 {[%emt 0:04:38]} Nxc5 {[%emt 0:00:00]} 19. Bxf5 {[%emt 0:00:54]} Nxf5 {[%emt 0:00:00]} 20. O-O {[%emt 0:00:46]} exf2+ {[%emt 0:00:00]} 21. Rxf2 {[%emt 0:00:34]} Nd3 {[%emt 0:10:03]} 22. Rd1 {[%emt 0:00:27]} Bd4 23. Nxd4 {[%emt 0:00:00]} Nxf2 {[%emt 0:01:19]} 24. Kxf2 {[%emt 0:00:00]} Rxd4 {[%emt 0:00:00]} 25. Rxd4 {[%emt 0:00:00]} Nxd4 {[%emt 0:00:00]} 26. Ke3 {[%emt 0:00:41]} Nc2+ {[%emt 0:02:26]} 27. Kd2 {[%emt 0:01:34]} Nb4 {[%emt 0:00:00]} 28. a3 {[%emt 0:05:40]} Nc6 {[%emt 0:00:00]} 29. Kd3 {[%emt 0:00:00]} Kf8 {[%emt 0:01:37]} 30. Nd5 {[%emt 0:02:51]} h5 {[%emt 0:00:18]} 31. b4 {[%emt 0:00:00]} Ke8 {[%emt 0:00:32]} 32. b5 {[%emt 0:00:00]} Nd8 {[%emt 0:00:46]} 33. Kd4 {[%emt 0:02:34]} Kd7 {[%emt 0:20:20]} 34. Ke5 {[%emt 0:00:00]} Ne6 {[%emt 0:00:00]} 35. Kf6 {[%emt 0:15:07]} Kd6 {[%emt 0:00:00]} 36. b6 {[%emt 0:01:18]} Kxd5 {[%emt 0:01:06]} 37. bxa7 {[%emt 0:00:00]} Nc7 {[%emt 0:00:00]} 38. Kxf7 {[%emt 0:00:00]} g5 {[%emt 0:00:00]} 39. Kg6 {[%emt 0:00:00]} 1-0

[Event "4NCL 2019-20"]
[Site "Daventry"]
[Date "2020.02.09"]
[Round "6"]
[White "Greet, Andrew N"]
[Black "Paehtz, Elisabeth"]
[Result "0-1"]
[WhiteElo "2425"]
[BlackElo "2467"]
[Annotator "ChessBase"]
[PlyCount "60"]
[EventDate "2020.01.11"]
[EventCountry "ENG"]
[SourceTitle "playchess.com"]
[Source "ChessBase"]
[SourceQuality "1"]
[TimeControl "40/6000:3000+30"]

1. d4 {[%emt 0:00:00]} Nf6 {[%emt 0:00:00]} 2. c4 {[%emt 0:00:00]} g6 {[%emt 0:00:00]} 3. g3 {[%emt 0:00:00]} Bg7 {[%emt 0:00:00]} 4. Bg2 {[%emt 0:00:00]} O-O {[%emt 0:00:00]} 5. Nc3 {[%emt 0:00:00]} d6 {[%emt 0:00:00]} 6. Nf3 {[%emt 0:00:00]} Nc6 {[%emt 0:00:00]} 7. O-O {[%emt 0:00:00]} e5 {[%emt 0:00:00]} 8. d5 {[%emt 0:00:00]} Nb8 {[%emt 0:00:00]} 9. Ne1 {[%emt 0:00:00]} a5 {[%emt 0:00:00]} 10. a3 {[%emt 0:02:40]} Nbd7 {[%emt 0:16:33]} 11. Nd3 {[%emt 0:06:33]} Nb6 {[%emt 0:00:07]} 12. c5 {[%emt 0:13:43]} dxc5 {[%emt 0:00:00]} 13. Nxc5 {[%emt 0:00:00]} Qe7 {[%emt 0:00:00]} 14. N5e4 {[%emt 0:06:29]} Nxe4 {[%emt 0:06:04]} 15. Nxe4 {[%emt 0:00:00]} f5 {[%emt 0:00:00]} 16. d6 {[%emt 0:09:41]} cxd6 {[%emt 0:00:33]} 17. Qxd6 {[%emt 0:01:15]} Qxd6 {[%emt 0:01:50]} 18. Nxd6 {[%emt 0:00:00]} Be6 {[%emt 0:03:55]} 19. Nxb7 {[%emt 0:01:58]} e4 {[%emt 0:00:07]} 20. a4 {[%emt 0:28:47]} Rfb8 {[%emt 0:34:36]} 21. Nd6 {[%emt 0:05:49]} Bb3 {[%emt 0:01:04]} 22. f3 {[%emt 0:12:12]} Be5 {[%emt 0:03:08]} 23. Ra3 {[%emt 0:00:45]} Nxa4 {[%emt 0:02:48]} 24. Nc8 {[%emt 0:00:00]} Bd4+ {[%emt 0:00:36]} 25. Kh1 {[%emt 0:01:52]} Bc5 {[%emt 0:00:00]} 26. Bf4 {[%emt 0:01:15]} Bxa3 {[%emt 0:00:00]} 27. Bxb8 {[%emt 0:00:00]} Rxb8 {[%emt 0:01:35]} 28. Na7 {[%emt 0:00:19]} Bxb2 {[%emt 0:00:37]} 29. fxe4 {[%emt 0:00:00]} fxe4 {[%emt 0:00:44]} 30. Nc6 {[%emt 0:01:34]} Rf8 {[%emt 0:01:12]} 0-1

[Event "4NCL 2019-20"]
[Site "Daventry"]
[Date "2020.02.09"]
[Round "6"]
[White "Harvey, Marcus R"]
[Black "Edouard, Romain"]
[Result "0-1"]
[WhiteElo "2419"]
[BlackElo "2640"]
[Annotator "TA"]
[PlyCount "100"]
[EventDate "2020.01.11"]
[EventCountry "ENG"]
[SourceTitle "playchess.com"]
[Source "ChessBase"]
[SourceQuality "1"]

{[%evp 11,100,2,14,-6,-8,-15,0,-10,-7,-8,0,-4,0,-22,0,-7,0,-11,-19,-10,-18,-37,-37,-48,-21,-25,-32,-35,-36,-31,-46,-49,-52,-37,-56,-37,-22,-59,-69,-69,-61,-53,0,-52,-60,-86,-89,-82,-90,-99,-36,-57,-44,-172,-156,-155,-173,-309,-322,-307,-308,-542,-575,-568,-555,-805,-814,-807,-800,-793,-783,-787,-806,-804,-804,-794,-792,-782,-760,-897,-889,-850,-845,-29983,-29981,-29981,-29982,-29970,-29954,-29988,-29989]} 1. Nf3 c5 2. c4 Nc6 3. d4 cxd4 4. Nxd4 Nf6 5. Nc3 e6 6. a3 Bc5 7. Ndb5 {A33: Symmetrical English: 2 Nf3 Nf6 3 d4 cxd4 4 Nxd4 e6 5 Nc3 Nc6.} O-O 8. Bf4 a6 9. Bc7 {The position is equal.} Qe7 $1 10. Bd6 Bxd6 11. Nxd6 Ne8 {[#]} 12. c5 $146 ({Predecessor:} 12. Nxe8 Rxe8 13. e3 Rd8 14. Bd3 d5 15. cxd5 exd5 {½-½ (15) Zubarev,A (2517)-Banikas,H (2571) Athens 2008}) 12... Rb8 13. e3 Nxd6 14. Qxd6 Qxd6 15. cxd6 b5 16. Ne4 Rb6 17. Be2 Nd8 18. O-O Nb7 19. Rac1 f5 20. Nc5 Nxd6 21. Rfd1 Kf7 22. Nd3 Ke7 23. Ne5 f4 24. exf4 Rxf4 {...Re4 is the strong threat.} 25. Bd3 Rd4 $1 26. Bxh7 Rxd1+ 27. Rxd1 Nc4 28. Ng6+ Kd8 29. b3 Nxa3 30. Ne5 a5 (30... d6 $17) 31. h4 $1 $15 d6 32. g4 {[#] This move loses the game for White.} ({White should try} 32. Rd4 $15) 32... Bb7 $1 $19 33. Rd3 Bd5 34. Ng6 (34. Nf3 {might work better.}) 34... Be4 35. Re3 d5 {Strongly threatening ...Nc2.} 36. Nf8 $2 (36. Re2 {is a better defense.}) 36... Nc2 37. Re2 Nd4 38. Re3 Bxh7 39. Nxh7 {[%mdl 4096] Endgame KRN-KRN} b4 {[%cal Bb5b4,Bb4b3][%mdl 32]} 40. Ng5 {[#]} a4 $1 {[%mdl 512]} 41. bxa4 b3 42. Re1 b2 43. Rb1 Ne2+ 44. Kg2 Nc3 45. Nxe6+ Kd7 46. Rxb2 Rxb2 47. Nxg7 d4 {Black mates.} 48. Nf5 d3 49. Ne3 d2 50. h5 {[#]} Nd5 $1 {[%mdl 576] Promotion. Accuracy: White = 60%, Black = 93%.} 0-1

[Event "4NCL 2019-20"]
[Site "Daventry"]
[Date "2020.02.09"]
[Round "6"]
[White "Palliser, Richard J D"]
[Black "Griffiths, Ryan Rhys"]
[Result "1-0"]
[WhiteElo "2399"]
[BlackElo "2354"]
[Annotator "ChessBase"]
[PlyCount "81"]
[EventDate "2020.01.11"]
[EventCountry "ENG"]
[SourceTitle "playchess.com"]
[Source "ChessBase"]
[SourceQuality "1"]
[TimeControl "40/6000:3000+30"]

1. d4 {[%emt 0:00:06]} Nf6 {[%emt 0:00:00]} 2. c4 {[%emt 0:00:00]} e6 {[%emt 0:00:00]} 3. Nf3 {[%emt 0:00:00]} c6 {[%emt 0:00:00]} 4. Bf4 {[%emt 0:05:05]} d5 {[%emt 0:00:00]} 5. e3 {[%emt 0:01:06]} Bd6 {[%emt 0:00:50]} 6. Bxd6 {[%emt 0:14:25]} Qxd6 {[%emt 0:00:00]} 7. c5 {[%emt 0:00:00]} Qe7 {[%emt 0:00:00]} 8. Nc3 {[%emt 0:01:42]} Nbd7 {[%emt 0:00:00]} 9. Be2 {[%emt 0:00:51]} O-O {[%emt 0:00:00]} 10. O-O {[%emt 0:03:41]} e5 {[%emt 0:00:00]} 11. b4 {[%emt 0:04:37]} e4 {[%emt 0:01:36]} 12. Nd2 {[%emt 0:00:00]} Ne8 {[%emt 0:00:00]} 13. b5 {[%emt 0:00:09]} f5 {[%emt 0:00:00]} 14. bxc6 {[%emt 0:05:00]} bxc6 {[%emt 0:00:00]} 15. Qa4 {[%emt 0:00:00]} Rf6 {[%emt 0:01:15]} 16. Ba6 {[%emt 0:08:36]} Rh6 {[%emt 0:31:36]} 17. Bxc8 {[%emt 0:08:11]} Rxc8 {[%emt 0:03:13]} 18. Qxa7 {[%emt 0:03:07]} Qh4 {[%emt 0:00:42]} 19. h3 {[%emt 0:00:00]} Rc7 {[%emt 0:12:16]} 20. Qa8 {[%emt 0:01:18]} Ndf6 {[%emt 0:06:24]} 21. Ne2 {[%emt 0:16:36]} Qh5 {[%emt 0:00:28]} 22. Ng3 {[%emt 0:02:09]} Qg5 {[%emt 0:00:00]} 23. Rfb1 {[%emt 0:06:37]} f4 {[%emt 0:00:00]} 24. exf4 {[%emt 0:00:22]} Qxf4 {[%emt 0:00:00]} 25. Ndf1 {[%emt 0:02:06]} Rf7 {[%emt 0:00:00]} 26. Qb8 {[%emt 0:04:03]} Qg5 {[%emt 0:01:05]} 27. a4 {[%emt 0:02:23]} Rg6 {[%emt 0:02:05]} 28. a5 {[%emt 0:00:29]} h5 {[%emt 0:04:38]} 29. Qe5 {[%emt 0:02:09]} h4 {[%emt 0:00:00]} 30. Qxg5 {[%emt 0:00:00]} Rxg5 {[%emt 0:00:00]} 31. Ne2 {[%emt 0:00:00]} Ra7 {[%emt 0:08:25]} 32. Rb6 {[%emt 0:00:00]} Nc7 {[%emt 0:00:00]} 33. Rxc6 {[%emt 0:00:00]} Kf7 {[%emt 0:00:14]} 34. Ne3 {[%emt 0:00:00]} Rh5 {[%emt 0:00:00]} 35. Nf4 {[%emt 0:02:46]} Rh8 {[%emt 0:00:00]} 36. Nf5 {[%emt 0:00:42]} Rha8 {[%emt 0:00:15]} 37. Nd6+ {[%emt 0:00:00]} Ke7 {[%emt 0:00:00]} 38. Ng6+ {[%emt 0:00:00]} Kd7 {[%emt 0:00:00]} 39. Ne5+ {[%emt 0:00:00]} Kd8 {[%emt 0:00:00]} 40. Rb6 {[%emt 0:00:00]} Ra6 {[%emt 0:00:00]} 41. Rab1 {[%emt 0:50:28]} 1-0